Scandinavian Peninsula Map Quiz - Statistics

General Stats
  • This quiz has been taken 105 times
  • The average score is 5 of 5
Answers on the Map
Answers color-coded by a green-red scale on the quiz's map according to % correct below.
 
Answer Stats
Answer % Correct
Denmark
100%
Norway
100%
Finland
99%
Sweden
99%
Iceland
95%
No matching quizzes found
Score Distribution
Percent of People with Each Score
Percentile by Number Answered
Your Score History
You have not taken this quiz